| 000 | 00404nam a2200157Ia 4500 | ||
|---|---|---|---|
| 005 | 20250405141024.0 | ||
| 008 | 240331s9999 xx 000 0 und d | ||
| 020 | _a9558637157 | ||
| 082 |
_bSAN _a894 |
||
| 100 | _aSanmugadas, A | ||
| 245 | 0 | _aSangha ilakkiya aaivukal | |
| 260 |
_aColombo _bSouth Asian Books _c2002 |
||
| 300 | _aix, 190 p ., | ||
| 650 | _aSangakala illakiyam patriya aayvu | ||
| 942 | _cL | ||
| 999 |
_c4134 _d4134 |
||